• 首页
  • 本馆介绍
  • 公告通知
  • 最新文献
  • 馆藏检索
  • 电子资源
  • 读者导购
  • 参考咨询
  • 我的图书馆
  • 登录
  • 详细信息显示
  • 放入我的书架
  • 预约/预借图书
  • 作者相关作品
  • 分类相关作品
  • 丛书相关作品
  • 出版社相关作品

书目信息

  • 表格格式
  • 工作单格式
  • 卡片格式
题名:
智力游戏
    
 
作者: 古禾 选编 ;王肇庆 绘
分册:  
出版信息: 北京   北京出版社  1982
页数: 128页
开本: 19cm
丛书名:
单 册:
中图分类: G898.2 , G613
科图分类:
主题词: 智力游戏 , 教育--各级
电子资源:
ISBN:
000 00642nam0 2200253 450
001 1554036734
005 20150128150141.51
010    @dCNY0.32
091    @a7071.766@d¥0.32
100    @a19950703d1982 am y0chiy0110 ea
101 0  @achi
102    @aCN@b110000
105    @ay z 000yy
200 1  @a智力游戏@9zhi li you xi@f古禾选编@g王肇庆绘
210    @a北京@c北京出版社@d1982
215    @a128页@d19cm
606 0  @a智力游戏
606 0  @a教育@x各级
690    @aG898.2@v5
690    @aG613@v4
701  0 @a古禾@9gu he@4选编
702  0 @a王肇庆@9wang zhao qing@4绘
801  0 @aCN@bTSSF@c20150128
905    @aZUCC@dG613@eJY54:1
    
    智力游戏/古禾选编/王肇庆绘.-北京:北京出版社,1982
    128页;19cm
    
    
    ISBN :CNY0.32
    
●
相关链接 在E读中查询图书 在五车中查询图书 在当当中查询图书 在豆瓣中查询图书


正题名:智力游戏     索取号:G613/JY54:1         预约/预借

序号 登录号 条形码 馆藏地/架位号 状态 备注
1 7837385   278373859   学院路分馆/ [索取号:G613/JY54:1] 在馆    
唐山师范学院图书馆 欢迎您!
大连网信软件有限公司© 版权所有